Culture Générale - Série 2636 - Statistiques

Statistiques générales
  • Ce quiz a été pris 120 fois
  • Le résultat moyen est 5 sur 10
Statistiques - réponses
Question Réponse % Correct
Quelle est la capitale du Népal ? Katmandou
82%
Petite pluie fine, qui tombe par gouttes imperceptibles - 6 lettres commençant par " b " bruine
78%
Quel fleuve traverse la capitale de l'Italie ? Tibre
69%
Ce mot de 6 lettres désigne "une farce, plaisanterie" ou "un petit sac servant à conserver le tabac" blague
63%
Dans quel pays se trouve la ville de Valparaiso ? Chili
55%
Quel auteur-compositeur-interprète français est né à Sète le 22-10-1921 ? prénom et nom Georges Brassens
53%
Quel arbuste peut être appelé "sauce" ou "tin" ? laurier
37%
Quelle commune des Vosges située au confluent de la Meurthe et de la Plaine est associée au mot "L'étape" ? Raon
22%
Qu'est-ce qu'une aveline ? noisette
7%
Dans la mythologie grecque c'est une nymphe des montagnes - 6 lettres commençant par " o " oréade
5%
Aucun quiz correspondant
Distribution des résultats
% des personnes avec chaque résultat
Percentile par nombre de réponses
Votre historique - résultats
Vous n’avez pas pris ce quiz